00796nam a22002057a 4500952009200000999001900092005001700111008004100128020001500169050001600184100004200200245005500242260004100297300001800338490004200356505003700398519009900435650004900534942000700583 00104070a19b19d2017-07-12l0oHF5381 M65p19 002847r2017-07-12t1w2017-07-12yLB c102278d10227820231102152036.0170712s1993 sp b|||| |||| 00| 0 spa d a8432992356 aHF5381bM65 aMontane Capdevila Josepeautor964530 aOrientación OcupacionalcJosep Montane Capdevila aBarcelona (España)b: Ceacc, 1993 a221 páginas aColección Educación y Enseñanza aParte teórica Parte practica  aMaterial Complementario / Mixta / bPedagogía / cEducaicón Familiar (P17-7) / d19 002847 0aORIENTACIÓN PROFESIONAL Y VOCACIONAL98825 cLB